000 00530nam a22001817a 4500
003 NUST
020 _a9789695623732
038 _aA
082 _a891.43915 MAL
100 _aMalik, Nadeem Shafiq Dr.
_9457
245 _aPerspective on Allama Iqbal: A world survey of the Iqbal Studies
260 _aKarachi
_bFiction House
_c2015
300 _a184 p.
500 _aIncludes bibliographical references.
563 _aH.B
650 _a1. Iqbal, Muhammad Sir, 1877-1938---Criticism and interpretation
_935728
942 _cBK
_2ddc
999 _c13573
_d13573